Ročenka priemyslu SR 2004

Gespeichert in:
Bibliographische Detailangaben
Format: Buch
Sprache:Slowakisch
Veröffentlicht: Bratislava Štatistický úrad Slovenskej republiky 2004
Schlagworte:
Tags: Tag hinzufügen
Keine Tags, Fügen Sie das erste Tag hinzu!

MARC

LEADER 00000nam$a2200000$$$4500
001 0024294
005 20240104112034.6
041 0 |a slo 
044 |a SK 
245 1 0 |a Ročenka priemyslu SR 2004 
264 1 |a Bratislava  |b Štatistický úrad Slovenskej republiky  |c 2004 
300 |a 151 s. 
610 2 0 |a priemysel 
610 2 0 |a podnik priemyselný 
610 2 0 |a práca 
610 2 0 |a výroba 
610 2 0 |a predaj 
610 2 0 |a financie 
610 2 0 |a investície 
610 2 0 |a práca 
610 2 0 |a závody 
610 2 0 |a obrat hrubý 
610 2 0 |a medzispotreba 
610 2 0 |a výrobky 
610 2 0 |a kraje 
610 2 0 |a Slovensko